=LDR 00000nam 2200000 4500 =001 INLIS000000000017458 =005 20130612112650 =008 ***********************************Ind** =035 ##$$0010-061300000017458 =041 ##$$a Ind =082 ##$$a 612 =090 ##$$a 612, Col k =100 ##$$a Coleman, Verman =245 ##$$a Kenali tubuh anda, kuis kesehatan ringkas dan lengkap, Dr Verman Coleman =260 ##$$a 1994 $b Jakarta =300 ##$$a xvi,265 hlm, 21 cm =650 ##$$a Tubuh Manusia =850 ##$$a NBPNMAT